[Event "Glorney Cup"]
[Site "Dublin"]
[Date "2019.07.22"]
[Round "2"]
[White "Pham, Arthur"]
[Black "Guha, Chirag"]
[Result "1-0"]
[WhiteElo "2109"]
[BlackElo "1885"]
[PlyCount "71"]
[EventDate "2019.07.22"]
[EventType "team-tourn"]
[EventRounds "5"]
[EventCountry "IRL"]
[SourceTitle "CBM 191 Extra"]
[Source "ChessBase"]
[SourceDate "2019.09.30"]
[SourceVersion "1"]
[SourceVersionDate "2019.09.30"]
[SourceQuality "1"]
[WhiteTeam "France"]
[BlackTeam "Wales"]
[WhiteTeamCountry "FRA"]
[BlackTeamCountry "WLS"]

1. e4 e5 2. Nf3 Nc6 3. Bc4 Nf6 4. d4 exd4 5. 0-0 Nxe4 6. Re1 d5 7. Bxd5 Qxd5 8. Nc3 Qa5 9. Nxe4 Be6 10. Neg5 0-0-0 11. Nxe6 fxe6 12. Rxe6 Be7 13. Qe2 Bf6 14. Bd2 Qd5 15. Qe4 Qxe4 16. Rxe4 Rhe8 17. Rae1 Rxe4 18. Rxe4 Rd5 19. g4 Ne5 20. Nxe5 Rxe5 21. Rxe5 Bxe5 22. f4 Bd6 23. Kf2 Kd7 24. Kf3 Ke6 25. Ke4 Be7 26. f5+ Kd6 27. Bf4+ Kc5 28. Bxc7 Bf6 29. Be5 h6 30. h4 Bxe5 31. Kxe5 Kc4 32. g5 hxg5 33. hxg5 d3 34. cxd3+ Kxd3 35. f6 gxf6+ 36. gxf6 1-0

[Event "Glorney Cup"]
[Site "Dublin"]
[Date "2019.07.22"]
[Round "1"]
[White "Pham, Arthur"]
[Black "Sanger, Jake M"]
[Result "1/2-1/2"]
[WhiteElo "2109"]
[BlackElo "1867"]
[PlyCount "132"]
[EventDate "2019.07.22"]
[EventType "team-tourn"]
[EventRounds "5"]
[EventCountry "IRL"]
[SourceTitle "CBM 191 Extra"]
[Source "ChessBase"]
[SourceDate "2019.09.30"]
[SourceVersion "1"]
[SourceVersionDate "2019.09.30"]
[SourceQuality "1"]
[WhiteTeam "France"]
[BlackTeam "Scotland"]
[WhiteTeamCountry "FRA"]
[BlackTeamCountry "SCO"]

1. e4 e6 2. d4 d5 3. e5 c5 4. c3 Nc6 5. Nf3 Bd7 6. Bd3 cxd4 7. cxd4 Qb6 8. 0-0 Nxd4 9. Nxd4 Qxd4 10. Nc3 a6 11. Qe2 Ne7 12. Kh1 Nc6 13. f4 Nb4 14. Rd1 Nxd3 15. Rxd3 Qb6 16. f5 Bb5 17. Nxb5 Qxb5 18. fxe6 fxe6 19. Qh5+ g6 20. Qh3 Qd7 21. Rf3 Bg7 22. Bg5 h6 23. Raf1 Bxe5 24. Qxh6 Qg7 25. Qxg7 Bxg7 26. Rf7 Bf8 27. Rxb7 Bd6 28. Rf6 0-0-0 29. Rbf7 Bxh2 30. Rxg6 Rd7 31. Rxd7 Kxd7 32. Rh6 Rxh6 33. Bxh6 Bg3 34. Kg1 d4 35. Kf1 d3 36. Bd2 e5 37. Be1 Bf4 38. Bh4 Bd2 39. Kf2 e4 40. g4 e3+ 41. Kf3 e2 42. Ke4 Bg5 43. Kxd3 Bxh4 44. Kxe2 Bf6 45. b4 Bc3 46. a3 Bb2 47. a4 Kd6 48. Ke3 Bc3 49. b5 a5 50. Ke4 Ke6 51. g5 Bb2 52. Kf4 Bc1+ 53. Kg4 Be3 54. Kh5 Kf7 55. Kh6 Kf8 56. Kg6 Kg8 57. Kf6 Kf8 58. g6 Bb6 59. Ke6 Kg7 60. Kd6 Kxg6 61. Kc6 Bd4 62. b6 Kf6 63. Kb5 Ke6 64. Kxa5 Kd7 65. Ka6 Kc8 66. Ka7 Bxb6+ 1/2-1/2

[Event "Paris ChessMates 3rd"]
[Site "Paris"]
[Date "2019.03.30"]
[Round "3.1"]
[White "Flynn, Jacob"]
[Black "Pham, Arthur"]
[Result "0-1"]
[WhiteElo "2033"]
[BlackElo "2177"]
[PlyCount "68"]
[EventDate "2019.03.29"]
[EventType "team-tourn"]
[EventRounds "5"]
[EventCountry "FRA"]
[SourceTitle "CBM 189 Extra"]
[Source "ChessBase"]
[SourceDate "2019.06.03"]
[SourceVersion "1"]
[SourceVersionDate "2019.06.03"]
[SourceQuality "1"]
[WhiteTeam "Ireland"]
[BlackTeam "Idf Team"]
[WhiteTeamCountry "IRL"]
[BlackTeamCountry "FRA"]

1. d4 Nf6 2. c4 c5 3. d5 e6 4. Nc3 exd5 5. cxd5 d6 6. e4 g6 7. f4 Bg7 8. Bb5+ Nfd7 9. a4 0-0 10. Nf3 Re8 11. 0-0 a6 12. Bd3 Qc7 13. Qb3 Nf6 14. e5 Nfd7 15. Ng5 Nb6 16. Be3 h6 17. Nge4 dxe5 18. d6 Qc6 19. Bxc5 N8d7 20. Bf2 exf4 21. Rad1 Bxc3 22. Nxc3 Nc5 23. Qc2 Nxd3 24. Qxd3 Bg4 25. Qd4 Bxd1 26. Rxd1 Nd7 27. Qxf4 Kg7 28. Nd5 Re5 29. Nf6 Rf5 30. Nh5+ Rxh5 31. Bd4+ f6 32. Re1 Ne5 33. Bxe5 fxe5 34. Rxe5 Qxd6 0-1

[Event "FRA-ch op-A"]
[Site "Nimes"]
[Date "2018.08.18"]
[Round "4"]
[White "Daurelle, Herve"]
[Black "Pham, Arthur"]
[Result "0-1"]
[WhiteElo "2181"]
[BlackElo "2107"]
[PlyCount "60"]
[EventDate "2018.08.18"]
[EventType "swiss"]
[EventRounds "9"]
[EventCountry "FRA"]
[SourceTitle "CBM 186 Extra"]
[Source "ChessBase"]
[SourceDate "2018.08.24"]
[SourceVersion "1"]
[SourceVersionDate "2018.08.24"]
[SourceQuality "1"]

1. e4 c5 2. Nf3 g6 3. d4 cxd4 4. Nxd4 Bg7 5. c4 Nc6 6. Be3 d6 7. Nc3 Nf6 8. Be2 0-0 9. 0-0 Nxd4 10. Bxd4 Be6 11. Qd2 Qa5 12. Rfd1 Rfc8 13. b3 Nd7 14. Bxg7 Kxg7 15. Rac1 a6 16. f4 f6 17. Bf3 Rab8 18. a4 Qb6+ 19. Qd4 Qxb3 20. Nd5 Bxd5 21. Qxd5 Nc5 22. Kh1 Qe3 23. f5 Nxa4 24. fxg6 hxg6 25. Bg4 Rc5 26. Qe6 Re5 27. Qd7 Nc5 28. Qc7 Nxe4 29. Rc2 Rh8 30. h3 f5 0-1

[Event "FRA-ch op-A"]
[Site "Nimes"]
[Date "2018.08.18"]
[Round "5"]
[White "Pham, Arthur"]
[Black "Bianchi, Guillaume"]
[Result "1-0"]
[WhiteElo "2107"]
[BlackElo "2064"]
[PlyCount "65"]
[EventDate "2018.08.18"]
[EventType "swiss"]
[EventRounds "9"]
[EventCountry "FRA"]
[SourceTitle "CBM 186 Extra"]
[Source "ChessBase"]
[SourceDate "2018.08.24"]
[SourceVersion "1"]
[SourceVersionDate "2018.08.24"]
[SourceQuality "1"]

1. e4 c5 2. Nf3 e6 3. c3 Nf6 4. Bd3 Nc6 5. 0-0 d5 6. e5 Nd7 7. Bb5 Qc7 8. d4 h6 9. a3 b6 10. Re1 Be7 11. Nbd2 Bb7 12. b4 a5 13. bxc5 bxc5 14. Nf1 Ba6 15. Ba4 Nb6 16. Bc2 Bxf1 17. Kxf1 c4 18. a4 Kd7 19. Nd2 Rab8 20. Nb1 Rb7 21. Qg4 g6 22. Ba3 Qd8 23. Bxe7 Qxe7 24. Na3 Na7 25. Re3 Kc8 26. Ree1 Nd7 27. Qf4 h5 28. Ra2 Kc7 29. Nb5+ Nxb5 30. axb5 Ra8 31. Rea1 Kb6 32. Ba4 Rba7 33. Rb1 1-0

[Event "FRA-chT U20 GpB 1213"]
[Site "France"]
[Date "2012.12.02"]
[Round "2"]
[White "Pham, Arthur"]
[Black "Niepceron, Aurelien"]
[Result "0-1"]
[WhiteElo "1506"]
[BlackElo "1440"]
[PlyCount "30"]
[EventDate "2012.12.01"]
[EventType "team"]
[EventRounds "7"]
[EventCountry "FRA"]
[SourceTitle "EXT 2014"]
[Source "ChessBase"]
[SourceDate "2013.11.20"]
[SourceVersion "1"]
[SourceVersionDate "2013.11.20"]
[SourceQuality "1"]
[WhiteTeam "Bois Colombes (U20)"]
[BlackTeam "Agneaux Saint Lo (U20)"]
[WhiteTeamCountry "FRA"]
[BlackTeamCountry "FRA"]

1. d4 Nf6 2. c4 g6 3. Nc3 Bg7 4. e4 d6 5. f4 0-0 6. Nf3 Na6 7. Be2 c5 8. d5 Nc7 9. h3 e6 10. Be3 exd5 11. cxd5 Re8 12. Qd3 Qe7 13. e5 Nd7 14. Ne4 f5 15. Bxc5 fxe4 0-1

[Event "FRA-chT U20"]
[Site "France"]
[Date "2012.05.27"]
[Round "?"]
[White "Pham, Arthur"]
[Black "Lavault, Samuel"]
[Result "1-0"]
[WhiteElo "1489"]
[BlackElo "1321"]
[PlyCount "91"]
[EventDate "2012.05.26"]
[EventType "team-swiss"]
[EventRounds "9"]
[EventCountry "FRA"]
[SourceTitle "EXT 2014"]
[Source "ChessBase"]
[SourceDate "2013.11.20"]
[SourceVersion "1"]
[SourceVersionDate "2013.11.20"]
[SourceQuality "1"]

1. d4 Nf6 2. c4 e6 3. Nc3 Bb4 4. Nf3 b6 5. Bg5 Bb7 6. e3 d6 7. Be2 Nbd7 8. 0-0 0-0 9. Rc1 h6 10. Bh4 Qe8 11. Qc2 Bxc3 12. Qxc3 Ne4 13. Qc2 Ndf6 14. Bxf6 Nxf6 15. Rfd1 Qd7 16. b4 a5 17. b5 Rac8 18. c5 Be4 19. Qb2 d5 20. a4 Bxf3 21. Bxf3 Ne8 22. e4 Nf6 23. e5 Ne8 24. Be2 g6 25. Qa3 Ng7 26. Qh3 h5 27. Rc3 Qe7 28. Rdd3 Nf5 29. Bxh5 gxh5 30. Rg3+ Ng7 31. Qxh5 f6 32. Rxg7+ Qxg7 33. Rg3 Qxg3 34. hxg3 fxe5 35. Qg6+ Kh8 36. Qh6+ Kg8 37. Qxe6+ Kh7 38. Qxe5 bxc5 39. Qh5+ Kg7 40. Qxd5 cxd4 41. Qxd4+ Kf7 42. f3 Rfd8 43. Qf4+ Ke7 44. g4 Rf8 45. Qe5+ Kf7 46. g5 1-0

[Event "FRA-chT U20 16 GP Basse 1011"]
[Site "France"]
[Date "2011.06.12"]
[Round "8"]
[White "Pham, Arthur"]
[Black "Marcenac, Delphine"]
[Result "0-1"]
[WhiteElo "1530"]
[BlackElo "1470"]
[PlyCount "80"]
[EventDate "2010.06.20"]
[EventType "team-tourn"]
[EventRounds "11"]
[EventCountry "FRA"]
[SourceTitle "EXT 2015"]
[Source "ChessBase"]
[SourceDate "2014.11.20"]
[SourceVersion "1"]
[SourceVersionDate "2014.11.20"]
[SourceQuality "1"]
[WhiteTeam "Bois Colombes (U20)"]
[BlackTeam "Hyeres (U20)"]
[WhiteTeamCountry "FRA"]
[BlackTeamCountry "FRA"]

1. e4 e5 2. Nf3 Nc6 3. Bc4 Nf6 4. d3 d5 5. exd5 Nxd5 6. Nc3 Bb4 7. Bd2 Bxc3 8. Bxc3 Nxc3 9. bxc3 0-0 10. h4 h6 11. Rg1 Re8 12. Qe2 Bg4 13. Qe4 Bxf3 14. gxf3 Qf6 15. 0-0-0 Qf4+ 16. Qxf4 exf4 17. Rg4 a6 18. Rdg1 Kh8 19. Bxf7 Ne5 20. Rxf4 Rf8 21. Rb4 Rxf7 22. Rxb7 Nxf3 23. Rg3 Nxh4 24. Rh3 Ng6 25. Rg3 Ne5 26. f4 Rxf4 27. Rxc7 Rg4 28. Re3 Ng6 29. Rc6 Rg1+ 30. Kb2 Rb8+ 31. Ka3 a5 32. Ra6 Rg5 33. Ree6 Nf4 34. Re4 Ng6 35. Ra4 Rc5 36. c4 Ne5 37. R4xa5 Rxa5+ 38. Rxa5 Nc6 39. Ra6 Nb4 40. c5 Nxa6 0-1

[Event "FRA-chTB U20 1011"]
[Site "France"]
[Date "2010.12.19"]
[Round "5.8"]
[White "Pham, Arthur"]
[Black "Banat, Rayan"]
[Result "0-1"]
[WhiteElo "1009"]
[BlackElo "1560"]
[PlyCount "54"]
[EventDate "2010.11.20"]
[EventType "team-tourn"]
[EventRounds "7"]
[EventCountry "FRA"]
[SourceTitle "EXT 2012"]
[Source "ChessBase"]
[SourceDate "2011.11.24"]
[SourceVersion "1"]
[SourceVersionDate "2011.11.24"]
[SourceQuality "1"]
[WhiteTeam "Bois Colombes"]
[BlackTeam "Clichy"]
[WhiteTeamCountry "FRA"]
[BlackTeamCountry "FRA"]

1. e4 d5 2. e5 e6 3. d4 Ne7 4. c4 c6 5. Nc3 Ng6 6. c5 Be7 7. Nf3 0-0 8. g3 b6 9. b4 a5 10. Ba3 axb4 11. Bxb4 Na6 12. Qa4 Bb7 13. Bxa6 Rxa6 14. Qc2 bxc5 15. dxc5 Qc7 16. Qe2 Qd7 17. 0-0 Rd8 18. Rad1 Ra7 19. Qe3 Ba6 20. Rfe1 Bc4 21. a3 f6 22. Kg2 f5 23. h3 Rf8 24. Kh2 f4 25. gxf4 Rxf4 26. Ne2 Bxe2 27. Rxe2 Re4 0-1

[Event "FRA-chTB U20 1011"]
[Site "France"]
[Date "2010.12.18"]
[Round "4.9"]
[White "Pham, Arthur"]
[Black "Ek, Bora"]
[Result "0-1"]
[WhiteElo "1009"]
[BlackElo "1430"]
[PlyCount "56"]
[EventDate "2010.11.20"]
[EventType "team-tourn"]
[EventRounds "7"]
[EventCountry "FRA"]
[SourceTitle "EXT 2012"]
[Source "ChessBase"]
[SourceDate "2011.11.24"]
[SourceVersion "1"]
[SourceVersionDate "2011.11.24"]
[SourceQuality "1"]
[WhiteTeam "Bois Colombes"]
[BlackTeam "Villepinte"]
[WhiteTeamCountry "FRA"]
[BlackTeamCountry "FRA"]

1. e4 c5 2. Nf3 d6 3. Nc3 g6 4. b3 Bg7 5. Bb2 Nf6 6. Qe2 0-0 7. 0-0-0 Nc6 8. d4 cxd4 9. Nxd4 Nxd4 10. Rxd4 Qb6 11. Nd5 Nxd5 12. Rxd5 Be6 13. Rb5 Qc7 14. g3 Rac8 15. Bxg7 Kxg7 16. Bg2 Bg4 17. Qd2 Bd7 18. Rg5 Kg8 19. h4 Qc3 20. Qxc3 Rxc3 21. h5 Rfc8 22. Kb1 Rxc2 23. hxg6 fxg6 24. Rf1 R2c5 25. Rxc5 Rxc5 26. f4 Bc6 27. g4 Rc3 28. Rf3 Bxe4+ 0-1

[Event "FRA-chTB U20 1011"]
[Site "France"]
[Date "2010.11.21"]
[Round "3.10"]
[White "Pham, Arthur"]
[Black "Kantzer, Romain"]
[Result "0-1"]
[WhiteElo "1009"]
[BlackElo "1420"]
[PlyCount "70"]
[EventDate "2010.11.20"]
[EventType "team-tourn"]
[EventRounds "7"]
[EventCountry "FRA"]
[SourceTitle "EXT 2012"]
[Source "ChessBase"]
[SourceDate "2011.11.24"]
[SourceVersion "1"]
[SourceVersionDate "2011.11.24"]
[SourceQuality "1"]
[WhiteTeam "Bois Colombes"]
[BlackTeam "Bischwiller"]
[WhiteTeamCountry "FRA"]
[BlackTeamCountry "FRA"]

1. e4 e5 2. Nf3 Nc6 3. Bc4 Bc5 4. d3 Nf6 5. Bg5 d6 6. h3 0-0 7. Nc3 Be6 8. Nd5 Bxd5 9. Bxd5 h6 10. Bh4 Nd4 11. Nxd4 Bxd4 12. c3 Bc5 13. Bxb7 Rb8 14. Bd5 Rxb2 15. d4 exd4 16. cxd4 Bb4+ 17. Kf1 Re8 18. Qf3 c5 19. dxc5 Bxc5 20. g4 Qb6 21. Rh2 Bd4 22. Rc1 Qb4 23. Rc7 Rb1+ 24. Kg2 Qe1 25. Qg3 Nxd5 26. exd5 Qe4+ 27. Qf3 Rg1+ 28. Kxg1 Qxf3 29. Rg2 Qd1+ 30. Kh2 Be5+ 31. Bg3 Bxg3+ 32. Rxg3 Re1 33. Rg2 Rh1+ 34. Kg3 Qd3+ 35. Kf4 g5# 0-1

[Event "FRA-chTB U20 1011"]
[Site "France"]
[Date "2010.11.20"]
[Round "1.10"]
[White "Pham, Arthur"]
[Black "Burri, Quentin"]
[Result "0-1"]
[WhiteElo "1009"]
[BlackElo "1720"]
[PlyCount "74"]
[EventDate "2010.11.20"]
[EventType "team-tourn"]
[EventRounds "7"]
[EventCountry "FRA"]
[SourceTitle "EXT 2012"]
[Source "ChessBase"]
[SourceDate "2011.11.24"]
[SourceVersion "1"]
[SourceVersionDate "2011.11.24"]
[SourceQuality "1"]
[WhiteTeam "Bois Colombes"]
[BlackTeam "Mulhouse"]
[WhiteTeamCountry "FRA"]
[BlackTeamCountry "FRA"]

1. e4 c5 2. Nf3 d6 3. Bc4 Nc6 4. Nc3 Nf6 5. d3 Bg4 6. h3 Bh5 7. Be3 e6 8. Bg5 Be7 9. Qe2 0-0 10. 0-0-0 Nd4 11. Qe3 Nxf3 12. gxf3 Nd5 13. Bxe7 Nxe3 14. Bxd8 Nxd1 15. Nxd1 Rfxd8 16. Ne3 Bxf3 17. Rg1 a6 18. Rg3 Bh5 19. Ng4 Bxg4 20. Rxg4 b5 21. Bb3 d5 22. exd5 exd5 23. c4 dxc4 24. dxc4 b4 25. Rg5 Rac8 26. Ba4 Rd3 27. Kc2 Rf3 28. Rg2 Rc7 29. Kd2 Rxh3 30. f4 Rf3 31. Re2 h5 32. Bc2 g6 33. f5 g5 34. f6 Rxf6 35. Re8+ Kg7 36. Ke3 Re6+ 37. Rxe6 fxe6 0-1